Learning from Las Vegas : the forgotten symbolism of architectural form

Αποθηκεύτηκε σε:
Λεπτομέρειες βιβλιογραφικής εγγραφής
Κύριος συγγραφέας: Venturi, Robert
Άλλοι συγγραφείς: Scott Brown, Denise 1931-, Izenour, Steven
Μορφή: Βιβλίο
Γλώσσα:English
Δημοσίευση: Cambridge, Mass. : MIT Press, c1977
Έκδοση:Rev. ed.
Θέματα:
Ετικέτες: Προσθήκη ετικέτας
Δεν υπάρχουν, Καταχωρήστε ετικέτα πρώτοι!

MARC

LEADER 00000nam a2200000 i 4500
001 1/86816
008 080528s1977 eng d
020 |a 0-262-72006-X (pbk) 
035 |l 10097739 
040 |a GR-MY-UA  |b gre  |e aacr 
041 0 |a eng 
082 0 |a 720.9793135  |2 (22) 
100 1 |a Venturi, Robert. 
245 1 0 |a Learning from Las Vegas :  |b the forgotten symbolism of architectural form /  |c Robert Venturi, Denise Scott Brown, Steven Izenour 
250 |a Rev. ed. 
260 |a Cambridge, Mass. :   |b MIT Press,   |c c1977 
300 |a xvii, 192 σ.;  |b εικ. (μερ. έγχρ.);  |c 23 εκ. 
504 |a Βιβλιογραφία: σ. [167]-189 
650 0 0 |a Architecture  |z Nevada  |z Las Vegas. 
650 0 0 |a Symbolism in architecture. 
700 1 |a Scott Brown, Denise  |d 1931- 
700 1 |a Izenour, Steven. 
852 |a INST  |b SYROS  |e 20080528  |h 720.9793135 VEN  |p 005500005888  |q 005500005888  |t BK  |y 0 
901 |a BIBL5-2008-2 
909 |a Ε  |b 145539 
922 |a 5ΕΛΗ  |b 200801  |c ΕΠΕΑΕΚ2/ΤΜΣΠΣ  |d ΕΛΕΥΘΕΡΟΥΔΑΚΗΣ 
970 |a ΚΟΝΤΟΥ  |b ΠΑΡΑΣΚΕΥΗ  |z 2008/05/28